00687nam a2200241 a 4500001001300000003000900013005001700022008004100039020001000080082001900090100002800109245002100137260003600158300001000194500003500204505001000239650002100249700002800270902000800298942000700306952011900313999001300432nice12345678IN_TiNIC20260116011305.0050524s1961 beia grp 000 0 ara  ac10000a297.12203bIBR aIbraim, Mohammad Ismail aQamus-Ul-Qurania aBeirutbAlmatba Al-Arabiac1961 a439p. aincludes index and biblioraphy2 aindex aQuran-Numerology1 aIbraim, Mohammad Ismail bSRS cBK 001040708StackRoom-aHMIbHMId2007-07-30g100.00l0o297.12203 IBRp03689r2007-07-30v100.00w2005-05-24yBK c210d210